[Event "Olympiad Women 2024"]
[Site "Budapest HUN"]
[Date "2024.09.11"]
[Round "1.34"]
[Board "4"]
[White "Dunat, Kineberlie"]
[Black "Nadirjanova, Nodira"]
[Result "0-1"]
[WhiteElo "1582"]
[BlackElo "2059"]
[PlyCount "75"]
[EventDate "2024.09.11"]
[WhiteTeam "Haiti"]
[BlackTeam "Uzbekistan"]
[WhiteTeamCountry "HAI"]
[BlackTeamCountry "UZB"]

1. d4 d5 2. Bf4 c5 3. Nf3 Nc6 4. e3 Bg4 ({RR} 4... Bf5 5. c3 Nf6 6. Nbd2 e6 7. Be2 Bd6 8. Bg3 Ne4 9. Nxe4 Bxe4 10. Bd3 f5 11. dxc5 Bxg3 12. hxg3 Qe7 13. Bxe4 dxe4 14. Nd4 Ne5 15. Qa4+ Kf7 16. O-O h5 17. Qb3 Kf6 18. f3 exf3 19. Nxf3 {1-0 Palao,A (1988)-Todev,S (2095) Titled Tue 16th Apr Late 2024 (2)}) 5. Be2 e6 6. Nbd2 Nf6 $146 ({RR} 6... cxd4 7. exd4 Bd6 8. Bxd6 Qxd6 9. c3 Nge7 10. O-O O-O 11. Re1 Rae8 12. Qb3 Qc7 13. Rac1 Bh5 14. h3 a6 15. a4 Rb8 16. Qc2 Rfc8 17. Qb1 Qf4 18. Nb3 Rc7 19. Nc5 Rbc8 20. Nd3 Qh6 21. Nc5 {0-1 Nayanikaa,M (1451)-Jyothsna,L (1923) IND-ch U15 Girls 2018 (2)}) 7. c3 cxd4 8. exd4 Bd6 9. Ne5 Bxe2 10. Qxe2 Qc7 11. Bg3 O-O 12. O-O Rab8 13. f4 Nd7 14. Ndf3 Ne7 15. Ng5 h6 16. Ngf3 Nf6 17. Nd2 Nf5 18. Bf2 Be7 19. a3 Nd6 20. Ng4 Nfe4 21. Be1 f5 22. Ne5 b5 23. Qh5 Nxd2 24. Bxd2 Ne4 25. Bc1 a5 26. Ng6 Rf6 27. Ne5 Kh7 28. Be3 g6 29. Qe2 Rff8 30. g4 b4 31. axb4 axb4 32. cxb4 Rxb4 33. Rac1 Qb7 34. Rc2 Rc8 35. Rxc8 Qxc8 36. Rc1 Qb7 37. Rc2 Bd6 38. Rc6 0-1

[Event "Olympiad Women 2024"]
[Site "Budapest HUN"]
[Date "2024.09.11"]
[Round "1.35"]
[Board "1"]
[White "Shipindo, Rauha"]
[Black "Koskela, Niina"]
[Result "0-1"]
[WhiteElo "1677"]
[BlackElo "2173"]
[PlyCount "76"]
[EventDate "2024.09.11"]
[WhiteTeam "Namibia"]
[BlackTeam "Norway"]
[WhiteTeamCountry "NAM"]
[BlackTeamCountry "NOR"]

1. d4 Nf6 2. Nf3 e6 3. g3 d5 4. Bg2 Be7 5. c4 dxc4 6. Qa4+ Bd7 7. Qxc4 Bc6 8. O-O O-O 9. Nc3 a6 10. a4 b5 11. axb5 $146 ({RR} 11. Qb3 b4 12. Nb1 Bd5 13. Qd1 c5 14. dxc5 Bxc5 15. Bf4 Nc6 16. Nbd2 Qb6 17. Qe1 Ne4 18. Nxe4 Bxe4 19. Nh4 Bxg2 20. Nxg2 Nd4 21. Ne3 b3 22. Be5 Rac8 23. Nc4 Qc6 24. Na5 Qe4 25. Bxd4 Bxd4 {½-½ Sully,D-Cooper,J (2320) WLS-ch Wales 1981 (3)}) ({RR} 11. Qd3 b4 12. Nb1 Be4 13. Qe3 c5 14. Nbd2 Bd5 15. Qf4 cxd4 16. Nxd4 Bxg2 17. Kxg2 Qd5+ 18. Qf3 Rc8 19. Qxd5 Nxd5 20. e4 Nb6 21. b3 Nc6 22. Bb2 Na5 23. f4 Rc7 24. Rac1 Rac8 25. Rxc7 Rxc7 {½-½ Inarkiev,E (2674)-Jakovenko,D (2710) RUS-ch Superfinal 60th 2007 (8)}) ({RR} 11. Qb3 b4 12. Nb1 Bd5 13. Qc2 c5 14. dxc5 Nbd7 15. c6 Rc8 16. Be3 Bxc6 17. Qd1 Bc5 18. Qd3 Be4 19. Qxa6 Bxe3 20. fxe3 Nc5 21. Qc4 Nd5 22. Nbd2 Nxe3 23. Qxb4 Nc2 24. Qc4 Bxf3 25. Nxf3 Nxa1 {0-1 Neiksans,A (2587)-Haring,F (2441) TCh-CZE Extraliga 2023-24 (7.1)}) ({RR} 11. Qa2 b4 12. Nd1 Bd5 13. b3 c5 14. dxc5 Ne4 15. Ne3 Nc3 16. Qd2 Be4 17. Re1 Bxc5 18. Bb2 Nc6 19. Bxc3 bxc3 20. Qxc3 Bb4 21. Qc4 Bxf3 22. Red1 Qb6 23. Bxf3 Na5 24. Qe4 Rad8 25. Nc2 Bc5 {1-0 Polugaevsky,L (2600)-Braga,F (2375) Mar del Plata Clarin Masters 1982}) 11... axb5 12. Nxb5 Rxa1 13. Nc3 Qc8 14. h3 Qa6 15. Qxa6 Nxa6 16. Ne5 Bxg2 17. Kxg2 Nb4 18. Bd2 Rxf1 19. Kxf1 c5 20. dxc5 Bxc5 21. g4 Rd8 22. Bg5 Bd4 23. Nf3 Bxc3 24. bxc3 Rd1+ 25. Kg2 Nc6 26. Be3 Nd5 27. Nd4 Nxe3+ 28. fxe3 Nxd4 29. cxd4 Kf8 30. Kf3 Ke7 31. e4 Rxd4 32. e3 Rd2 33. Kg3 e5 34. Kf3 Kd6 35. h4 Kc5 36. h5 Kc4 37. Kg3 Kd3 38. Kf3 Re2 0-1

[Event "Olympiad Women 2024"]
[Site "Budapest HUN"]
[Date "2024.09.11"]
[Round "1.35"]
[Board "2"]
[White "Stanford, Sheila Barth"]
[Black "Beukes Jamie-Nicole"]
[Result "1-0"]
[WhiteElo "2175"]
[BlackElo "1735"]
[PlyCount "65"]
[EventDate "2024.09.11"]
[WhiteTeam "Norway"]
[BlackTeam "Namibia"]
[WhiteTeamCountry "NOR"]
[BlackTeamCountry "NAM"]

1. e4 c5 2. Nf3 e6 3. c3 Nc6 4. d4 cxd4 5. cxd4 d6 6. Nc3 Nf6 7. Bd3 Be7 8. O-O O-O 9. a3 a6 10. h3 b5 11. e5 dxe5 12. dxe5 Nd5 13. Nxd5 Qxd5 14. Qc2 Nd4 $146 ({RR} 14... Bb7 15. Bxh7+ Kh8 16. Be4 Qc5 17. Qe2 Na5 18. b4 Qc4 19. Bd3 Bxf3 20. Qxf3 {1-0 Hingst,S (2245)-Hantel,T Oberliga Nord N 9192 1991}) 15. Nxd4 Qxd4 16. Bxh7+ Kh8 17. Be4 Rb8 18. Bf4 Bb7 19. Bxb7 Qxf4 20. Qe4 Qd2 21. b4 Qd7 22. Bc6 Qc7 23. Rac1 Rfc8 24. Qe3 Qb6 25. Qxb6 Rxb6 26. Be4 Rc4 27. Rxc4 bxc4 28. Rc1 g6 29. Rxc4 Kg7 30. f4 Rb5 31. Rc7 Bd8 32. Rb7 Bb6+ 33. Kf1 1-0

[Event "Olympiad Women 2024"]
[Site "Budapest HUN"]
[Date "2024.09.11"]
[Round "1.35"]
[Board "3"]
[White "Nepando, Jolly"]
[Black "Ni, Viktorija"]
[Result "0-1"]
[WhiteElo "1642"]
[BlackElo "2163"]
[PlyCount "56"]
[EventDate "2024.09.11"]
[WhiteTeam "Namibia"]
[BlackTeam "Norway"]
[WhiteTeamCountry "NAM"]
[BlackTeamCountry "NOR"]

1. e4 c5 2. Nc3 e6 3. Nge2 Nc6 4. g3 d5 5. exd5 exd5 6. d4 Bg4 7. Bg2 Nxd4 8. h3 ({RR} 8. O-O Nxe2+ 9. Nxe2 Nf6 10. h3 Bh5 11. g4 Bg6 12. Nf4 Be7 13. g5 Nd7 14. Nxd5 O-O 15. Nxe7+ Qxe7 16. Re1 Qd8 17. Bf4 Qc8 18. Re7 Rd8 19. Qg4 Bxc2 20. Rae1 Bg6 21. h4 Nf8 22. Qxc8 Raxc8 {1-0 Andreikin,D (2725)-Matlakov,M (2698) Titled Tuesday intern op 01st Dec blitz 2020 (11)}) 8... Bf3 9. Kf1 Nf6 10. Bg5 Be7 $146 ({RR} 10... Nxe2 11. Bxf3 Nxc3 12. bxc3 Be7 13. Bxf6 Bxf6 14. Bxd5 O-O 15. Rb1 Rb8 16. Kg2 b5 17. c4 b4 18. Qf3 Rb6 19. a3 Bd4 20. Qd3 Qf6 21. f4 Bc3 22. axb4 cxb4 23. c5 Rbb8 24. Qc4 Rbe8 25. c6 {0-1 Graif,W (2302)-Bortnyk,M (2425) NY IMB President's Day 2024 (7.4)}) 11. Qd3 Bxg2+ 12. Kxg2 Nxe2 13. Nxe2 O-O 14. c3 d4 15. h4 h6 16. Bf4 Qd5+ 17. f3 dxc3 18. Qxc3 Ng4 19. Rad1 Qc6 20. Kg1 Bf6 21. Qa3 Rfe8 22. Rd6 Qc8 23. Kf1 Ne5 24. g4 Nc4 25. Qd3 Nxd6 26. g5 Be5 27. gxh6 Bxf4 28. Rg1 Bxh6 0-1

[Event "Olympiad Women 2024"]
[Site "Budapest HUN"]
[Date "2024.09.11"]
[Round "1.35"]
[Board "4"]
[White "Machlik, Monika"]
[Black "Van Wyk, Keisha C"]
[Result "1-0"]
[WhiteElo "2109"]
[BlackElo "1599"]
[PlyCount "47"]
[EventDate "2024.09.11"]
[WhiteTeam "Norway"]
[BlackTeam "Namibia"]
[WhiteTeamCountry "NOR"]
[BlackTeamCountry "NAM"]

1. d4 Nf6 2. c4 g6 3. Nc3 Bg7 4. g3 O-O 5. Bg2 d6 6. Nf3 a6 7. O-O Nbd7 8. e4 c5 9. e5 ({RR} 9. Qe2 cxd4 10. Nxd4 e5 11. Nc2 Qc7 12. f4 exf4 13. Bxf4 Ne5 14. Rad1 Bg4 15. Bf3 Bxf3 16. Rxf3 Nxf3+ 17. Qxf3 Qxc4 18. Rd4 Qc6 19. Rxd6 Qc5+ 20. Kg2 Rfe8 21. e5 Nh5 22. Rd3 Nxf4+ 23. gxf4 Qb6 {0-1 Motta,A-Pinto,V (1346) 9th Floripa Open 2023 (10.141)}) 9... Ng4 $146 ({RR} 9... Ne8 10. dxc5 dxe5 11. Be3 Nc7 12. Qd2 f5 13. Rad1 e4 14. Ng5 h6 15. Ngxe4 fxe4 16. Bh3 Rf5 17. Bxf5 gxf5 18. Bxh6 Qf8 19. Bxg7 Qxg7 20. f3 exf3 21. Rxf3 Nf8 22. Nd5 Nxd5 23. cxd5 e5 24. Rc1 {1-0 Kushnir,A-Bilek,I Lone Pine op Louis D. Statham Masters 1975 (7)}) ({RR} 9... dxe5 10. dxe5 Ng4 11. e6 fxe6 12. Na4 Qa5 13. Bd2 Qc7 14. Qe1 Nde5 15. Ba5 Nxf3+ 16. Bxf3 Ne5 17. Bg2 b6 18. Nxb6 Rb8 19. Na4 Qd7 20. Bc3 Nf3+ 21. Bxf3 Rxf3 22. Nxc5 Qc6 23. Bxg7 Qxc5 24. Qe5 {1-0 Adams,M (2725)-Lind,J (2217) Gibraltar Masters 11th 2013 (1)}) ({RR} 9... dxe5 10. dxe5 Ng4 11. e6 fxe6 12. Qe2 Nde5 13. Rd1 Qc7 14. Nxe5 Nxe5 15. Bf4 Rf5 16. Bh3 Qc6 17. Rd8+ Kf7 18. Ne4 Qb6 19. Rxc8 Rxc8 20. Bxf5 gxf5 21. Ng5+ Kg6 22. Bxe5 Bxe5 23. Qxe5 Kxg5 24. Qg7+ {1-0 Machlik,M (2106)-Hansen,E (1860) NOR-ch (Women) 2020 (1)}) ({RR} 9... dxe5 10. dxe5 Ng4 11. e6 fxe6 12. Qe2 Nde5 13. Nxe5 Nxe5 14. Be3 Qd3 15. Bxc5 Qxe2 {½-½ Tiller,B (2305)-Mokry,K (2310) World U20-ch17 1978 (8)}) 10. exd6 exd6 11. Bf4 Qb6 12. Na4 Qb4 13. Bxd6 Re8 14. b3 Re6 15. Bc7 Ra7 16. a3 Qxa4 17. bxa4 b6 18. Bf4 Re8 19. Rb1 cxd4 20. Nxd4 h5 21. Nc6 Rb7 22. Re1 Rf8 23. Ne7+ Kh7 24. Nxc8 1-0

[Event "Olympiad Women 2024"]
[Site "Budapest HUN"]
[Date "2024.09.11"]
[Round "1.36"]
[Board "1"]
[White "Rogule, Laura"]
[Black "Cancino, Shiela"]
[Result "1-0"]
[WhiteElo "2248"]
[BlackElo "1663"]
[PlyCount "55"]
[EventDate "2024.09.11"]
[WhiteTeam "Latvia"]
[BlackTeam "Bermuda"]
[WhiteTeamCountry "LAT"]
[BlackTeamCountry "BER"]

1. d4 Nf6 2. c4 e6 3. Nf3 b6 4. g3 Bb7 5. Bg2 d5 6. cxd5 Bb4+ ({RR} 6... Bxd5 7. O-O Nbd7 8. Nc3 Bb7 9. Qc2 Be7 10. Nb5 c5 11. dxc5 Be4 12. Qc3 Nxc5 13. b4 Na6 14. a3 Qd7 15. Nbd4 Rc8 16. Qe3 Qb7 17. Bb2 O-O 18. Rac1 Rfd8 19. h3 Nc7 20. Rfd1 Ncd5 21. Qb3 {½-½ Alekseev,E (2636)-Moiseenko,V (2528) RUS-ch blitz 2016 (3.8)}) 7. Bd2 Bxd2+ 8. Nbxd2 ({RR} 8. Qxd2 Bxd5 9. Nc3 Ne4 10. Qc2 Nxc3 11. bxc3 Nd7 12. O-O Nf6 13. Ne5 O-O 14. e4 Bb7 15. Rad1 c6 16. Rfe1 Qc7 17. Nc4 Rfd8 18. e5 Ne8 19. Be4 g6 20. Qb3 Rab8 21. Qa3 Ba8 22. Nd2 c5 {1-0 Amartuvshin,G (2411)-Enkh-Od Enkhbaatar (1983) ch-MGL 2024 Choibalsan MGL (11.5)}) 8... exd5 9. Qa4+ $146 ({RR} 9. O-O O-O 10. b4 Nbd7 11. Qb3 Re8 12. e3 h6 13. Rfc1 c6 14. Qb2 Rc8 15. a4 a6 16. Rc2 Qe7 17. a5 b5 18. Qa3 Ne4 19. Nb3 Nd6 20. Nbd2 Nc4 21. Qb3 f5 22. Rb1 Qf6 23. Qd3 Re7 {½-½ Miklos,C (2067)-Lorinczy,L (1915) HUN-chT2 Toth 1213 2012 (6.4)}) 9... Qd7 10. Qc2 O-O 11. O-O Re8 12. Rfc1 c6 13. Ne5 Qc8 14. Ndf3 h6 15. Nh4 Rxe5 16. dxe5 Nh7 17. Bxd5 c5 18. Nf5 Kh8 19. Nd6 Qc7 20. Bxb7 Nc6 21. Bxa8 Nxe5 22. Rd1 Nf6 23. Qf5 Ng6 24. Qc8+ Qxc8 25. Nxc8 Ne5 26. Rd8+ Kh7 27. Rc1 Kg6 28. Nxa7 1-0

[Event "Olympiad Women 2024"]
[Site "Budapest HUN"]
[Date "2024.09.11"]
[Round "1.36"]
[Board "3"]
[White "Ter-Avetisjana, Agnesa Stepania"]
[Black "Gontcharova, Olga"]
[Result "1-0"]
[WhiteElo "2134"]
[BlackElo "1567"]
[PlyCount "91"]
[EventDate "2024.09.11"]
[WhiteTeam "Latvia"]
[BlackTeam "Bermuda"]
[WhiteTeamCountry "LAT"]
[BlackTeamCountry "BER"]

1. e4 d6 2. d4 Nf6 3. Nc3 Nbd7 4. Be3 e5 5. Nf3 Be7 6. h3 O-O 7. Bc4 c6 8. dxe5 ({RR} 8. O-O Nxe4 9. Nxe4 d5 10. Bd3 dxe4 11. Bxe4 Nf6 12. Qd3 Nxe4 13. Qxe4 exd4 14. Bxd4 Bf6 15. Bxf6 Qxf6 16. c3 Bf5 17. Qd4 Qxd4 18. Nxd4 Bg6 19. Rfe1 Rfe8 20. f4 Bd3 21. Rad1 Be4 22. Kf2 f5 {0-1 Le Tuan Minh (2567)-Bortnyk,O (2608) Bullet Chess Winners 2024 (1.14)}) 8... dxe5 9. a4 ({RR} 9. O-O b5 10. Bb3 b4 11. Ne2 Nxe4 12. Qd3 Nef6 13. Qc4 a5 14. Ng5 Ba6 15. Nxf7 Bxc4 16. Nxd8 Bxb3 17. Nxc6 Bc4 18. Nxe7+ Kf7 19. Nf5 Bxe2 20. Rfe1 Ba6 21. a3 bxa3 22. Rxa3 g6 23. Nh6+ Kg7 {0-1 Melillo,L (2295)-Uzcategui Rodriguez,A (2295) Titled Tue 14th May Late 2024 (7)}) 9... b6 10. O-O a6 $146 ({RR} 10... Qc7 11. Qe2 Nc5 12. Bg5 Ne6 13. Rfd1 Nxg5 14. Nxg5 h6 15. Nf3 Nh5 16. Qf1 Bc5 17. Ne2 Qe7 18. c3 a5 19. Nd2 Kh8 20. Nb3 Bd6 21. g4 Nf6 22. Ng3 g6 23. Qd3 Bc7 24. Qe3 Kg7 25. Kg2 {0-1 Sanchez Bernardino,M (2047)-Janev,E (2440) Tarragona op 4th 2003 (2)}) 11. Qe2 Bb7 12. Rad1 Qc7 13. Bg5 Rfd8 14. Nh4 Nf8 15. Nf5 Ng6 16. Qf3 Rxd1 17. Nxd1 b5 18. Ba2 c5 19. Nc3 Rd8 20. axb5 axb5 21. Nxb5 Qb6 22. Nxe7+ Nxe7 23. Nc3 Rd7 24. Bc4 Rd4 25. b3 Rd7 26. Bxf6 Qxf6 27. Qxf6 gxf6 28. Na4 Ng6 29. Nxc5 Re7 30. Nxb7 Rxb7 31. Bd5 Rb4 32. c3 Rb6 33. g3 f5 34. b4 f4 35. Ra1 Kg7 36. Ra7 Ne7 37. Rxe7 Ra6 38. Rxf7+ Kh6 39. gxf4 Ra1+ 40. Kg2 Ra3 41. fxe5 Rxc3 42. e6 Kh5 43. e7 Kh4 44. e8=Q h6 45. Rf4+ Kg5 46. Rg4+ 1-0

[Event "Olympiad Women 2024"]
[Site "Budapest HUN"]
[Date "2024.09.11"]
[Round "1.37"]
[Board "1"]
[White "Bouzana, Christina"]
[Black "Azali, Tannaz"]
[Result "0-1"]
[WhiteElo "1644"]
[BlackElo "2125"]
[PlyCount "68"]
[EventDate "2024.09.11"]
[WhiteTeam "Cyprus"]
[BlackTeam "Iran"]
[WhiteTeamCountry "CYP"]
[BlackTeamCountry "IRI"]

1. d4 {Babula,Vlastimil} Nf6 2. c4 e6 3. Nc3 Bb4 4. e3 c5 5. Nge2 d5 6. cxd5 ({RR} 6. a3 Ba5 7. cxd5 cxd4 8. Qxd4 exd5 9. Qe5+ Be6) 6... Nxd5 ({RR} 6... exd5 7. a3 cxd4) 7. a3 ({RR} 7. e4 Nf6) 7... Nxc3 ({RR} 7... cxd4 8. Qxd4) ({RR} 7... Bxc3+ 8. bxc3) ({RR} 7... Ba5 8. dxc5 Nxc3 9. Qxd8+ Kxd8 10. Bd2) 8. bxc3 ({RR} 8. Nxc3 Ba5 ({RR} 8... Bxc3+ 9. bxc3) ({RR} 8... cxd4 9. axb4 dxc3 10. Qxd8+ Kxd8 11. bxc3) 9. dxc5 Bxc3+ 10. bxc3 Qa5 ({RR} 10... Qxd1+ 11. Kxd1 Nd7)) ({RR} 8. Nxc3 Ba5 9. dxc5 Bxc3+ 10. bxc3 Qxd1+ 11. Kxd1 Nd7 12. c6 Ne5 13. a4 Nxc6 14. a5 e5 15. e4 Be6 16. Be3 O-O 17. Kc2 Rac8 18. Kb2 Rfd8 19. Be2 f6 20. Rhd1 Rxd1 21. Bxd1 Kf7 22. Be2 Ke7 {½-½ Giri,A (2780)-So,W (2766) WR Chess Masters 2023 (2.1)}) 8... Ba5 9. Bd2 O-O 10. Ng3 Nc6 $146 ({RR} 10... cxd4 11. cxd4 e5 ({RR} 11... Nc6 12. Bc4 Bxd2+ 13. Qxd2 Na5 14. Ba2 b6 15. O-O Bb7) 12. dxe5 Qc7 ({RR} 12... Nc6 13. f4 Qb6 ({RR} 13... Bg4 14. Be2 Bxe2 15. Qxe2) 14. Bxa5 Qxe3+ 15. Qe2 Qxe2+ 16. Bxe2 Nxa5) 13. Bd3 Nc6 ({RR} 13... Rd8 14. O-O Rxd3 15. Bxa5) 14. O-O ({RR} 14. f4 Rd8 15. Qc2 ({RR} 15. O-O Rxd3 16. Bxa5 Qd7 17. Qe1 Nxa5 18. Qxa5 Rxe3 19. Rad1 Rd3) 15... Nxe5 16. Bxh7+ Kh8 17. Qxc7 Bxc7) 14... Bxd2 ({RR} 14... Qxe5 15. Bxa5 Nxa5 16. Rb1 b6) 15. Qxd2 Nxe5 16. Be4 Be6 ({RR} 16... Rd8 17. Rfc1) 17. Rfc1 Nc4 ({RR} 17... Qe7 18. Qb4) 18. Qd3 ({RR} 18. Qc2) 18... g6 19. Ne2 Rac8 20. Nd4 Rfd8 21. h4 ({RR} 21. Nxe6 fxe6 22. Qe2) 21... Bd5 22. Rab1 Qe5 23. Bxd5 Qxd5 24. Qb3 b6 25. a4 {½-½ Beliavsky,A (2630)-Babula,V (2584) Bundesliga 0405 playoff 2005 (1.5)}) ({RR} 10... cxd4 11. cxd4 e5 12. dxe5 Qc7 13. Bd3 Qxe5 14. O-O Bxd2 15. Qxd2 Nc6 16. Be4 Ne7 17. Rac1 Nf5 18. f4 Qd6 19. Bd5 Qd8 20. Nxf5 Bxf5 21. Qd4 Qe7 22. e4 Be6 23. Qe5 Rfe8 24. Rc7 Qxa3 25. Rxb7 {½-½ Kovacevic,B (2493)-Saric,A (2437) Omis op 2005 (6)}) 11. Be2 ({RR} 11. Bc4 b6 ({RR} 11... e5 12. d5) 12. O-O Bb7) ({RR} 11. Bb5 cxd4 12. cxd4 e5) 11... cxd4 12. cxd4 e5 13. dxe5 Nxe5 14. Bb4 Bxb4+ 15. axb4 Qe7 16. Rb1 Rd8 17. Qc1 b6 18. O-O Be6 19. b5 Rac8 20. Qb2 Nd7 21. Rfc1 Nc5 22. Bc4 Bxc4 23. Rxc4 Qe6 24. Rbc1 g6 25. Qc2 Rd5 26. Ne2 Rcd8 27. Nd4 Qd7 28. g3 Ne6 29. Nc6 Re8 30. Rb1 Rd2 31. Qc3 Ng5 32. Nd4 Nh3+ 33. Kg2 Rxf2+ 34. Kh1 Qd5+ 0-1

[Event "Olympiad Women 2024"]
[Site "Budapest HUN"]
[Date "2024.09.11"]
[Round "1.37"]
[Board "2"]
[White "Karimi, Setayesh"]
[Black "Sokolova, Larisa"]
[Result "1-0"]
[WhiteElo "2105"]
[BlackElo "1705"]
[PlyCount "81"]
[EventDate "2024.09.11"]
[WhiteTeam "Iran"]
[BlackTeam "Cyprus"]
[WhiteTeamCountry "IRI"]
[BlackTeamCountry "CYP"]

1. d4 d5 2. c4 c6 3. Nc3 Nf6 4. cxd5 Nxd5 5. e4 Nxc3 6. bxc3 g6 ({RR} 6... e5 7. Nf3 Bg4 8. Bc4 Nd7 9. Qb3 Qf6 10. Nxe5 Nxe5 11. dxe5 Qe7 12. h3 Bc8 13. a4 Qxe5 14. Bxf7+ Kd8 15. O-O Bd6 16. Rd1 Kc7 17. Ba3 Bxa3 18. Qxa3 Bd7 19. Rd4 Rhf8 20. Bb3 Rae8 21. Rad1 {0-1 Csonka,B (2497)-Santos Ruiz,M (2587) Titled Tue 15th Nov Early 2022 (7)}) ({RR} 6... e5 7. Be3 exd4 8. Bxd4 c5 9. Be3 Qxd1+ 10. Rxd1 Be6 11. Bb5+ Nc6 12. Nf3 f6 13. a4 Rc8 14. e5 Be7 15. exf6 gxf6 16. O-O a6 17. Bxc6+ Rxc6 18. a5 Kf7 19. Rfe1 Rd8 20. Rb1 Rd7 21. h3 {1-0 Schuster,K (2290)-Rodriguez Lopez,D (2200) Titled Tue 19th Mar Late 2024 (8)}) 7. Bc4 b5 $146 ({RR} 7... Bg7 8. Ne2 O-O 9. O-O e5 10. Be3 Nd7 11. Rb1 b5 12. Bb3 Nb6 13. Qc2 Ba6 14. Rfd1 Qc7 15. f4 exd4 16. cxd4 Nc4 17. Bxc4 bxc4 18. Nc3 Rab8 19. Na4 Rxb1 20. Rxb1 Rb8 21. Nc5 Bc8 22. Rc1 {1-0 Marino Bravo,M-Castanon Rivero,J Asturias-chT Preferente 8687 1986 (2.1)}) ({RR} 7... Bg7 8. h3 c5 9. Ne2 cxd4 10. cxd4 O-O 11. O-O Nc6 12. Be3 e5 13. d5 Na5 14. Bb5 b6 15. Bd2 Nb7 16. Bc6 Rb8 17. Rc1 Nc5 18. Bb4 Nxe4 19. Bxf8 Qxf8 20. Qa4 Bf5 21. g4 Nc5 22. Rxc5 {1-0 Sukdolak,R (1866)-Ivanov,A (1000) Senica op 6th 2015 (1)}) 8. Bb3 Bg7 9. Nf3 O-O 10. O-O Nd7 11. Be3 Bb7 12. Qe2 a6 13. Rad1 Qc7 14. c4 e6 15. c5 Nf6 16. Bg5 a5 17. Ne5 a4 18. Bc2 Nd7 19. Be7 Rfe8 20. Bd6 Qd8 21. Ng4 Bf8 22. Bf4 f6 23. Qd2 Qe7 24. e5 fxe5 25. Nxe5 Nxe5 26. Bxe5 Bg7 27. Rfe1 Rad8 28. Bd6 Qf7 29. Qg5 Bf6 30. Qg3 Be7 31. Be5 Bf6 32. h4 Rd5 33. h5 g5 34. Be4 Rd7 35. Bf3 h6 36. Bg4 Bxe5 37. Qxe5 Rde7 38. Rd3 Bc8 39. Rf3 Qg7 40. Rf6 Rf7 41. Rg6 1-0

[Event "Olympiad Women 2024"]
[Site "Budapest HUN"]
[Date "2024.09.11"]
[Round "1.37"]
[Board "3"]
[White "Paunescu, Aida"]
[Black "Behzad Nazif, Parva"]
[Result "0-1"]
[WhiteElo "1603"]
[BlackElo "2092"]
[PlyCount "94"]
[EventDate "2024.09.11"]
[WhiteTeam "Cyprus"]
[BlackTeam "Iran"]
[WhiteTeamCountry "CYP"]
[BlackTeamCountry "IRI"]

1. d4 d5 2. Nf3 Nf6 3. Bf4 c5 4. e3 Nc6 5. c3 Qb6 6. Qb3 c4 7. Qc2 Bf5 8. Qc1 e6 9. Nbd2 Be7 10. Be2 Rc8 11. O-O h6 12. h3 O-O 13. Re1 Qd8 14. Bd1 b5 15. a3 a5 16. Bc2 b4 $146 ({RR} 16... Re8 17. e4 dxe4 18. Nxe4 Nxe4 19. Bxe4 Bxe4 20. Rxe4 Qd5 21. Re1 Bf8 22. Qe3 Ne7 23. Qe2 Qf5 24. Bg3 Nd5 25. Qd2 b4 26. axb4 axb4 27. Ra5 bxc3 28. bxc3 Qd3 29. Rc1 Qxd2 30. Nxd2 Nxc3 31. Rxc3 {0-1 Kovacevic,S (2221)-Nihal,S (2652) Valencia Paterna Gp-B 2nd rapid 2021 (4)}) 17. axb4 axb4 18. e4 dxe4 19. Nxe4 Nxe4 20. Bxe4 Bxe4 21. Rxe4 Qd5 22. Re1 Ra8 23. Qc2 b3 24. Qe2 Ra2 25. Rab1 Ba3 26. Bc1 Bd6 27. Qe4 Rfa8 28. Qxd5 exd5 29. Bd2 Kf8 30. Kf1 Ne7 31. Be3 Nc8 32. Ng1 Nb6 33. Ne2 Na4 34. Bc1 Re8 35. Ng3 Rxe1+ 36. Kxe1 Ba3 37. Ne2 Bxb2 38. Bxb2 Rxb2 39. Rxb2 Nxb2 40. Kd2 Nd3 41. f4 Ne1 42. Kc1 Nxg2 43. Kb1 Ke7 44. f5 Kf6 45. Ng3 Kg5 46. Kb2 Ne3 47. Kb1 Nd1 0-1

[Event "Olympiad Women 2024"]
[Site "Budapest HUN"]
[Date "2024.09.11"]
[Round "1.37"]
[Board "4"]
[White "Hamedi Nia, Vesal"]
[Black "Pica, Eleni"]
[Result "1-0"]
[WhiteElo "1986"]
[BlackElo "1609"]
[PlyCount "53"]
[EventDate "2024.09.11"]
[WhiteTeam "Iran"]
[BlackTeam "Cyprus"]
[WhiteTeamCountry "IRI"]
[BlackTeamCountry "CYP"]

1. d4 Nf6 2. c4 e6 3. Nf3 d5 4. Nc3 Be7 5. Bf4 O-O 6. e3 Nbd7 7. cxd5 Nxd5 8. Bg3 Nxc3 9. bxc3 c5 10. Bd3 cxd4 ({RR} 10... Nf6 11. Ne5 Qa5 12. Qc2 cxd4 13. exd4 Rd8 14. O-O Bd7 15. Rab1 Rac8 16. Rxb7 Rxc3 17. Qb1 Qd5 18. Rd1 Ba4 19. Re1 Ba3 20. Rxf7 Be8 21. Rb7 Rdc8 22. Rb8 Qd8 23. Rxc8 Qxc8 24. Bh4 Rc7 25. h3 {1-0 Tomilova,E (2209)-Smirnova,P (1929) TCh-RUS Women 2024 (2.12)}) 11. exd4 Qa5 $146 ({RR} 11... h6 12. O-O Qa5 13. Qb3 Nf6 14. Rfe1 Bd7 15. c4 b6 16. a4 Rac8 17. Bf4 Qb4 18. Qa2 Rfd8 19. a5 Bc6 20. axb6 Bxf3 21. gxf3 axb6 22. Be5 Ra8 23. Qe2 Rxa1 24. Rxa1 Nd7 25. Bc7 Rc8 26. Qe4 {1-0 Ftacnik,L (2590)-Vranesic,Z (2401) Vancouver Keres Memorial 16th 1991 (3)}) 12. Qb3 Qa3 13. O-O Nf6 14. Ne5 Nh5 15. Qc2 f5 16. Nc4 Qa6 17. Be5 b5 18. Ne3 Qc6 19. Be2 Qe8 20. Bf3 b4 21. Bxa8 Ba6 22. Bf3 Bxf1 23. Rxf1 g5 24. Qb3 g4 25. Qxe6+ Qf7 26. Bd5 Ng7 27. Qc6 1-0

[Event "Olympiad Women 2024"]
[Site "Budapest HUN"]
[Date "2024.09.11"]
[Round "1.38"]
[Board "1"]
[White "Olde, Margareth"]
[Black "Hamadeh, Sally"]
[Result "1-0"]
[WhiteElo "2135"]
[BlackElo "1557"]
[PlyCount "105"]
[EventDate "2024.09.11"]
[WhiteTeam "Estonia"]
[BlackTeam "Lebanon"]
[WhiteTeamCountry "EST"]
[BlackTeamCountry "LBN"]

1. d4 d5 2. Nf3 Nf6 3. c4 dxc4 4. e3 e6 5. Bxc4 c5 6. O-O a6 7. dxc5 Bxc5 8. Qxd8+ Kxd8 9. a3 Ke7 10. b4 Bd6 11. Bb2 b5 12. Be2 Bb7 13. Nbd2 Rc8 14. Nd4 Nbd7 15. N2b3 Nb6 16. Na5 Bd5 17. Rac1 Na4 18. Ba1 Ne4 19. Bd3 $146 ({RR} 19. Bf3 f5 20. Rfd1 g6 21. Ndc6+ Kd7 22. Bxe4 fxe4 23. Ne5+ Bxe5 24. Bxe5 Ke7 25. Kf1 Nb6 26. Bd4 Nd7 27. Ke2 Kd6 28. f4 h6 29. g3 g5 30. Bg7 Rxc1 31. Rxc1 g4 32. Bd4 e5 33. Bb2 Rf8 {½-½ Li,R (2302)-Zhu,J (2464) CHN-chT Div-A 2022 (4.5)}) 19... g6 20. f3 Nd2 21. Rfd1 Rxc1 22. Rxc1 e5 23. Ndc6+ Bxc6 24. Rxc6 Rd8 25. Rc2 Bxb4 26. Nc6+ Ke8 27. Nxd8 Kxd8 28. axb4 Nb3 29. Bxe5 Kd7 30. Be4 Ke6 31. Bb8 f5 32. Bb7 a5 33. bxa5 Nxa5 34. Bc6 Nxc6 35. Rxc6+ Kd5 36. Rc1 b4 37. e4+ fxe4 38. fxe4+ Kxe4 39. Rc4+ Kd3 40. Rxb4 Nc5 41. Ba7 Ne6 42. Rb7 h5 43. Rb6 Nf8 44. Rf6 Nh7 45. Rxg6 Nf8 46. Rf6 Nh7 47. Rf5 Ke4 48. Rxh5 Nf6 49. Rb5 Kf4 50. Bb8+ Ke4 51. h4 Ng4 52. Rb4+ Kf5 53. Rf4+ 1-0